000
00341nam a22001457a 4500
008
230719b ||||| |||| 00| 0 eng d
020
_a
9780792324811
041
_a
eng
080
_a
101
082
_a
101GOU
100
_a
44
101
_a
FILZO
245
_a
ARTIFACTS REPRESENTATIONS AND SOCIAL PRACTICE
_c
GOULD .C .C
942
_2
udc
_c
BK
999
_c
60178
_d
60178